| 000 | 00441nam a2200193Ia 4500 | ||
|---|---|---|---|
| 005 | 20250425161435.0 | ||
| 008 | 250425s9999 xx 000 0 und d | ||
| 020 | _a8434301946 | ||
| 041 | _aspa | ||
| 082 | _a759.9866 | ||
| 100 | _aCAMON AZNAR, JOSE | ||
| 245 | 0 | _aOSWALDO GUAYASAMIN | |
| 250 | _a1A ED. | ||
| 260 | _aBARCELONA | ||
| 260 |
_aEspaƱa _bEDICIONES POLIGRAFA _c1973 |
||
| 300 | _a181 | ||
| 942 | _c01 | ||
| 010 | _a20376 | ||
| 999 |
_c209311 _d209311 |
||